Open Data Biblioteca Nacional de Portugal


República Portuguesa: Ministério da Cultura
Biblioteca Nacional de Portugal

Catálogo da BNP: acesso por Identificadores Unívocos
Registos Bibliográficos associados ao registo de autoridade

Etiqueta de registo: 00230nam 2200025 450
001 1792503
003 http://id.bnportugal.gov.pt/bib/catbnp/1792503
010 ## $a978-972-752-121-0
021 ## $aPT$b306414/10
100 ## $a20110601e2010 k y0pory01030103ba
101 0# $apor
102 ## $aPT
105 ## $aa z 000yy
106 ## $ar
200 1# $aTabelas e ábacos$ede dimensionamento de secções de betão solicitadas à flexão e a esforços axiais segundo o Eurocódigo 2$fHelena Barros, Joaquim Figueiras
205 ## $a1ª ed.,$b1ª reimp
210 #9 $aPorto$cFEUP Edições,$d2010
215 ## $a151 p.$cil.$d24 cm
225 2# $aDocumentos técnicos$v4
320 ## $aBibliografia, p. 125
675 ## $a624.03/.04(083.5)$vBN$zpor$31478340
675 ## $a624.012(083.5)$vBN$zpor$31306042
675 ## $a693.5(083.5)$vBN$zpor$31478341
700 #1 $aBarros,$bHelena$31525262
701 #1 $aFigueiras,$bJoaquim$4070$3892393
801 #0 $aPT$bBN$gRPC
856 41 $uhttp://rnod.bnportugal.gov.pt/ImagesBN/winlibimg.aspx?skey=&doc=1792503&img=23046&save=true
966 ## $lBN$mFGMON$sS.A. 148644 V.$x1
966 ## $lBN$mFGMON$sS.A. 148644 V.-D$x1

Etiqueta de registo: 00230nam 2200025 450
001 1899786
003 http://id.bnportugal.gov.pt/bib/catbnp/1899786
010 ## $a978-972-752-121-0
021 ## $aPT$b306414/10
100 ## $a20150506e20122010k y0pory01030103ba
101 0# $apor
102 ## $aPT
105 ## $aa z 000yy
106 ## $ar
200 1# $aTabelas e ábacos de dimensionamento de secções de betão solicitadas à flexão e a esforços axiais segundo o Eurocódigo 2$fHelena Barros, Joaquim Figueiras
205 ## $a1ª ed.,$b2ª reimp
210 #9 $aPorto$cFEUP Edições,$d2012
215 ## $a151 p.$cil.$d24 cm
225 2# $aDocumentos técnicos$v4
320 ## $aBibliografia, p. 125
675 ## $a624.03/.04(083.5)$vBN$zpor$31478340
675 ## $a624.012(083.5)$vBN$zpor$31306042
675 ## $a693.5(083.5)$vBN$zpor$31478341
700 #1 $aBarros,$bHelena$31525262
701 #1 $aFigueiras,$bJoaquim$4070$3892393
801 #0 $aPT$bBN$gRPC
856 41 $uhttp://rnod.bnportugal.gov.pt/ImagesBN/winlibimg.aspx?skey=&doc=1899786&img=58369&save=true
900 ## $aBIBNAC$d20150522
966 ## $lBN$mFGMON$sS.A. 157516 V.$x1
966 ## $lBN$mFGMON$sS.A. 157516 V.-D$x1

Etiqueta de registo: 00000nam 2200025 450
001 2036630
003 http://id.bnportugal.gov.pt/bib/catbnp/2036630
010 ## $a978-972-96524-7-9
021 ## $aPT$b336443/11
100 ## $a20191218d2011 k y0pory01030103ba
101 0# $aeng
102 ## $aPT
106 ## $as
200 1# $aInternational Conference on Recent Advances in Nonlinear Models$eStructural Concrete Applications$fHelena Barros... [et al.]
210 #9 $aCoimbra$c[s.n.],$d2011
215 ## $a1 CD-ROM$cil.$d24 cm
675 ## $a624.012(042)$vBN$zpor$31357407
675 ## $a061.3$vBN$zpor$3292562
702 #1 $aBarros,$bHelena$4340$31525262
710 12 $aInternational Conference on Recent Advances in Nonlinear Models - Structural Concrete Applications,$eCoimbra,$f2011$31771252
801 #0 $aPT$bBN$gRPC
856 41 $uhttp://rnod.bnportugal.gov.pt/ImagesBN/winlibimg.aspx?skey=&doc=2036630&img=134718&save=true
900 ## $aBIBNAC$d20200115
966 ## $lBN$mDEM$sS.A. 58357 P.$x1

Etiqueta de registo: 00000nam 2200025 450
001 2059243
003 http://id.bnportugal.gov.pt/bib/catbnp/2059243
010 ## $a978-989-746-261-0
021 ## $aPT$b471198/20
100 ## $a20201110d2020 k y0pory01030103ba
101 0# $apor
102 ## $aPT
105 ## $aa z 000yy
106 ## $ar
200 1# $aTabelas de Ábacos de dimensionamento de secções de betão solicitadas à flexão e a esforços axiais$esegundo o Eurocódigo 2$fHelena Barros... [et al.]
205 ## $a2ª ed
210 #9 $aPorto$cU. Porto Press,$d2020
215 ## $a175 p.$cil.$d23 cm
225 2# $aEnsino$v14
675 ## $a624.03/.04(083.5)$vBN$zpor$31478340
675 ## $a624.012(083.5)$vBN$zpor$31306042
675 ## $a693.5(083.5)$vBN$zpor$31478341
701 #1 $aBarros,$bHelena$4070$31525262
801 #0 $aPT$bBN$gRPC
856 41 $uhttp://rnod.bnportugal.gov.pt/ImagesBN/winlibimg.aspx?skey=&doc=2059243&img=147536&save=true
900 ## $aBIBNAC$d20210406
966 ## $lBN$mFGMON$sS.A. 176185 V.$x1
966 ## $lBN$mFGMON$sS.A. 176185 V.-D$x1
966 ## $lBN$mFGMON$sS.A. 181247 V.$x3

Etiqueta de registo: 00000nkm 2200025 450
001 2280676
003 http://id.bnportugal.gov.pt/bib/catbnp/2280676
100 ## $a20260316f1984 m y0pory01030103ba
101 0# $apor
102 ## $aPT
200 1# $aCinema, Auditório Municipal Galécia, A música e a memória, Rádio Braga, Ciclo Comemorativo do 1.º aniversário do programa$bVisual gráfico]$fRádio Braga, Câmara Municipal de Braga$gHelena Barros
210 #9 $a[Braga]$cRádio Braga,$d[posterior a 1984]
215 ## $a1 cartaz$ccolor.$d42,5x32,5 cm
306 ## $aDatação em conformidade com as características formais do documento
317 ## $aColeção Madeira Luís
702 #1 $aBarros,$bHelena$4410$31525262
710 02 $aRádio Braga$3324330
711 01 $aBraga.$bCâmara Municipal$31277973
801 #0 $aPT$bBN$gRPC
966 ## $lBN$mICONOG$sCT. 16741 V.$x3
971 ## $cCaticonografia6$d20260316
995 ## $aPRR2026

OpendataBNP@bnportugal.pt | Mais informação sobre acesso aos dados BNP